Stanovy Sociálnej poisťovne

Znenie Stanov Sociálnej poisťovne, ktoré schvlálila Správna rada Sociálnej poisťovne, (podľa par. 7 ods. 1 písm. f) zákona Národnej rady SR č.274/1994 Z.z. o Sociálnej poisťovni, na svojom zasadnutí dňa 15. februára 1995.

Gespeichert in:
Bibliographische Detailangaben
Format: Buchkapitel
Sprache:Slowakisch
Schlagworte:
Tags: Tag hinzufügen
Keine Tags, Fügen Sie das erste Tag hinzu!

MARC

LEADER 00000naa a2200000 4500
001 r017461
005 20221213100243.2
041 0 |a slo 
044 |a SK 
245 1 0 |a Stanovy Sociálnej poisťovne 
520 |a Znenie Stanov Sociálnej poisťovne, ktoré schvlálila Správna rada Sociálnej poisťovne, (podľa par. 7 ods. 1 písm. f) zákona Národnej rady SR č.274/1994 Z.z. o Sociálnej poisťovni, na svojom zasadnutí dňa 15. februára 1995. 
610 2 0 |a stanovy 
610 2 0 |a Sociálna poisťovňa, a.s. Bratislava 
610 2 0 |a zákony 
610 2 0 |a Slovensko 
610 2 0 |a 1994